Empress of the blues (Record no. 286)
[ view plain ]
| 000 -LEADER | |
|---|---|
| fixed length control field | 01413cjm a22003017a 4500 |
| 001 - CONTROL NUMBER | |
| control field | 5713488 |
| 005 - DATE AND TIME OF LATEST TRANSACTION | |
| control field | 20200421093825.0 |
| 007 - PHYSICAL DESCRIPTION FIXED FIELD--GENERAL INFORMATION | |
| fixed length control field | sduzunznnmlneu |
| 008 - FIXED-LENGTH DATA ELEMENTS--GENERAL INFORMATION | |
| fixed length control field | 940713s1993 enkuun eng |
| 010 ## - LIBRARY OF CONGRESS CONTROL NUMBER | |
| LC control number | 94754638 |
| 028 00 - PUBLISHER OR DISTRIBUTOR NUMBER | |
| Publisher or distributor number | CD BM 31 |
| Source | Charly R&B |
| 035 ## - SYSTEM CONTROL NUMBER | |
| System control number | (OCoLC)30759253 |
| 040 ## - CATALOGING SOURCE | |
| Original cataloging agency | DLC |
| Transcribing agency | DLC |
| Modifying agency | DLC |
| 050 00 - LIBRARY OF CONGRESS CALL NUMBER | |
| Classification number | Charly R&B CD BM 31 |
| 245 00 - TITLE STATEMENT | |
| Title | Empress of the blues |
| Medium | [sound recording]. |
| 260 ## - PUBLICATION, DISTRIBUTION, ETC. | |
| Place of publication, distribution, etc. | London : |
| Name of publisher, distributor, etc. | Charly R&B, |
| Date of publication, distribution, etc. | p1993. |
| 300 ## - PHYSICAL DESCRIPTION | |
| Extent | 1 sound disc : |
| Other physical details | digital ; |
| Dimensions | 4 3/4 in. |
| 490 0# - SERIES STATEMENT | |
| Series statement | Charly blues masterworks ; |
| Volume/sequential designation | vol. 31 |
| 500 ## - GENERAL NOTE | |
| General note | Brief record. |
| 505 0# - FORMATTED CONTENTS NOTE | |
| Formatted contents note | Down hearted blues -- Gulf Coast blues -- Aggravatin' papa -- Baby won't you please come home -- T'ain't nobody's bizness if I do -- Whoa, Tillie, take your time -- My sweetie went away -- Any woman's blues -- House rent blues -- Weeping willow blues -- Sinful blues -- St. Louis blues -- Reckless blues -- Careless love blues -- I ain't gonna play no second fiddle -- I ain't got nobody -- Empty bed blues (parts 1&2) -- Nobody knows you when you're down and out -- Do your duty -- Gimme a pig foot. |
| 511 0# - PARTICIPANT OR PERFORMER NOTE | |
| Participant or performer note | Bessie Smith, vocals, with various accompaniments. |
| 650 #0 - SUBJECT ADDED ENTRY--TOPICAL TERM | |
| Topical term or geographic name entry element | Blues (Music) |
| Chronological subdivision | To 1931. |
| 9 (RLIN) | 967 |
| 650 #0 - SUBJECT ADDED ENTRY--TOPICAL TERM | |
| Topical term or geographic name entry element | Blues (Music) |
| Chronological subdivision | 1931-1940. |
| 9 (RLIN) | 968 |
| 700 1# - ADDED ENTRY--PERSONAL NAME | |
| Personal name | Smith, Bessie, |
| Dates associated with a name | 1894-1937. |
| Relationship | prf |
| 9 (RLIN) | 969 |
| 906 ## - LOCAL DATA ELEMENT F, LDF (RLIN) | |
| a | 7 |
| b | cbc |
| c | orignew |
| d | 3 |
| e | ncip |
| f | 19 |
| g | y-genmusic |
| 942 ## - ADDED ENTRY ELEMENTS (KOHA) | |
| Source of classification or shelving scheme | Dewey Decimal Classification |
| Koha item type | Music |
| Withdrawn status | Lost status | Damaged status | Not for loan | Collection | Home library | Current library | Shelving location | Date acquired | Barcode | Date last seen | Price effective from | Koha item type |
|---|---|---|---|---|---|---|---|---|---|---|---|---|
| Reference | Fairview | Fairview | Audio visual | 09/04/2014 | 39999000012552 | 09/04/2014 | 09/04/2014 | Music | ||||
| Reference | Midway | Midway | Audio visual | 09/04/2014 | 39999000012514 | 09/04/2014 | 09/04/2014 | Music | ||||
| Reference | Midway | Midway | Audio visual | 09/04/2014 | 39999000012538 | 09/04/2014 | 09/04/2014 | Music |